000
00458nam a22001217a 4500
003
SGT
082
_a
891.4309
_b
M08H
100
_a
हर्डीकर, पं. गोविंदराव
245
_a
माधवराव स्प्रे स्मारक ग्रन्थ : जीवनी
260
_b
पं. माधवराव स्प्रे साहित्य शोधकेंद्र
_c
2008
300
_a
206
942
_2
ddc
_c
BK
999
_c
29823
_d
29823